00313nam a2200109Ia 4500008004100000082001500041100002100056245007500077260002700152300000800179650001600187191201s2004 xx 000 0 und d a621.3bBRC aBRUCE CARLSON, A 0aCircuits Engineering Concepts and Analysis of Linear Electric Circuits aN.DelhibThomsonc2004 a840 aB.Tech(ECE)